ბათუმის შოთა რუსთაველის სახელმწიფო უნივერსიტეტის ბიბლიოთეკა

მუცლის ღრუს ონკოლოგიური დაავადებების სასწრაფო-გადაუდებელი ქირურგია / (ბიბ.ჩანაწერი № 50309)

000 -ლიდერი
ფიქსირებული სიგრძის საკონტროლო ველი 01707nam a2200277Ia 4500
001 - საკონტროლო ნომერი
საკონტროლო ველი 17250
003 - საკონტროლო ნომრის იდენტიფიკატორი
საკონტროლო ველი GE_BSU
005 - ბოლო ოპერაციის თარიღი და დრო
საკონტროლო ველი 20200207141640.0
008 - ფიქსირებული სიგრძის მონაცემთა ელემენტები - ზოგადი ინფორმაცია
ფიქსირებული სიგრძის საკონტროლო ველი 181216s2015ge xx |||||||||||||| ||geo||
020 ## - წიგნის საერთაშორისო სტანდარტული ნომერი
International Standard Book Number 9789941462146
040 ## - კატალოგიზაციის წყარო
Transcribing agency GE_BSU
041 ## - ენის კოდი
Language code of text/sound track or separate title geo
080 ## - უნივერსალური ათობითი კლასიფიკაციის ინდექსი
Universal Decimal Classification number 617+616-006 მ-94
245 ## - ცნობა სათაურის შესახებ
Title მუცლის ღრუს ონკოლოგიური დაავადებების სასწრაფო-გადაუდებელი ქირურგია /
Statement of responsibility, etc ზურაბ ჩომახაშვილი ; ალექსანდრე ცალუღელაშვილი ; ნატო ზოსიძე ; რუსლნ ბოლქვაძე ; რედ . გივი ცეცხლაძე .
264 ## - წარმოების, გამოცემის, დისტრიბუციის და სხვა ცნობები
გამოცემის, წარმოების, დისტრიბუციის... ადგილი ბათუმი :
გამოცემის, წარმოების, დისტრიბუციის... სახელწოდება შოთა რუსთაველის უნი-ტის გამ-ბა,
გამოცემის, წარმოების, დისტრიბუციის... თარიღი 2015.
300 ## - ფიზიკური აღწერა
Extent 294 გვ.:
Other physical details ილ, ცხრ,
Dimensions 25 სმ.
653 ## - INDEX TERM--UNCONTROLLED
Uncontrolled term მედიცინა
653 ## - INDEX TERM--UNCONTROLLED
Uncontrolled term მუცლის ღრუს ონკოლოგიური დაავადებების სასწრაფო-გადაუდებელი ქირურგია.
653 ## - INDEX TERM--UNCONTROLLED
Uncontrolled term ონკოლოგიურ დაავადებათა დიაგნოსტიკა
700 ## - ADDED ENTRY--PERSONAL NAME
Personal name ჩომახაშვილი, ზურაბ
9 (RLIN) 6881
700 ## - ADDED ENTRY--PERSONAL NAME
Personal name ცალუღელაშვილი, ალექსანდრე
9 (RLIN) 6882
700 ## - ADDED ENTRY--PERSONAL NAME
Personal name ზოსიძე, ნატო
9 (RLIN) 6883
700 ## - ADDED ENTRY--PERSONAL NAME
Personal name ბოლქვაძე, რუსლნ
9 (RLIN) 6884
700 ## - ADDED ENTRY--PERSONAL NAME
Personal name ცეცხლაძე, გივი
Relator term რედაქტორი
9 (RLIN) 6885
942 ## - ADDED ENTRY ELEMENTS (KOHA)
Koha item type წიგნი
Source of classification or shelving scheme
ეგზემპლარები
ჩამოწერის სტატუსი დაკარგული ეგზემპლარის სტატუსი კლასიფიკაციის წყარო ან თაროზე გაწყობის სქემა დაზიანების სტატუსი არ გაიცემა მუდმივი მდებარეობა (დაცვის ადგილი) ამჟამინდელი ადგილსამყოფელი თაროზე განთავსების ადგილი შეძენის თარიღი ღირებულება, შესყიდვის ნორმალური ფასი სრული შენახვის შიფრი შტრიხკოდი ბოლო ოპერაციის თარიღი ეგზემპლარის მიმდევრობითი ნომერი (კეტერი?) ფასის ძალაში შესვლის თარიღი ეგზემპლარის სახეობა საჯარო შენიშვნა Uniform Resource Identifier
          ბათუმის შოთა რუსთაველის სახელმწიფო უნივერსიტეტის მთავარი ბიბლიოთეკა ბათუმის შოთა რუსთაველის სახელმწიფო უნივერსიტეტის მთავარი ბიბლიოთეკა წიგნსაცავი 2018-12-17 14.00 617+616-006 მ-94 45333 2018-12-17 45333 2018-12-17 წიგნი 14ლ. 36თ.  
          ბათუმის შოთა რუსთაველის სახელმწიფო უნივერსიტეტის მთავარი ბიბლიოთეკა ბათუმის შოთა რუსთაველის სახელმწიფო უნივერსიტეტის მთავარი ბიბლიოთეკა წიგნსაცავი 2018-12-17 14.00 617+616-006 მ-94 45334 2018-12-17 45334 2018-12-17 წიგნი 14ლ.36თ.  
          ბათუმის შოთა რუსთაველის სახელმწიფო უნივერსიტეტის მთავარი ბიბლიოთეკა ბათუმის შოთა რუსთაველის სახელმწიფო უნივერსიტეტის მთავარი ბიბლიოთეკა წიგნსაცავი 2018-12-17 14.00 617+616-006 მ-94 45335 2018-12-17 45335 2018-12-17 წიგნი 14ლ.36თ.  
          ბათუმის შოთა რუსთაველის სახელმწიფო უნივერსიტეტის მთავარი ბიბლიოთეკა ბათუმის შოთა რუსთაველის სახელმწიფო უნივერსიტეტის მთავარი ბიბლიოთეკა წიგნსაცავი 2018-12-17 14.00 617+616-006 მ-94 45336 2018-12-17 45336 2018-12-17 წიგნი 14ლ. 36თ.  
          ბათუმის შოთა რუსთაველის სახელმწიფო უნივერსიტეტის მთავარი ბიბლიოთეკა ბათუმის შოთა რუსთაველის სახელმწიფო უნივერსიტეტის მთავარი ბიბლიოთეკა წიგნსაცავი 2025-01-27 12.00 617+616-006 მ-94 70451 2025-01-27 70451 2025-01-27 წიგნი 12.00 ნაჩუქარი